20 North American Cities Everyone Should Know - Statistics

General Stats
  • This quiz has been taken 93 times
  • The average score is 18 of 20
Answer Stats
Hint City % Correct
Popular beachside city in Florida Miami
99%
"______" we have a problem Houston
98%
The largest city in the United States New York City
98%
American city of casinos Las Vegas
96%
Where Hollywood and Beverly Hills are found Los Angeles
96%
The largest city in Canada Toronto
96%
Capital of the United States Washington D.C.
96%
The largest city in North America Mexico City
95%
Capital of Canada Ottawa
95%
Capital of Cuba Havana
90%
Largest city in Pennsylvania Philadelphia
88%
Capital of Jamaica Kingston
87%
Largest French speaking city in Canada Montreal
87%
City on the canal that splits the Americas Panama City
87%
Largest city on the Great Lakes Chicago
85%
Capital of El Salvador San Salvador
80%
Capital of the Dominican Republic Santo Domingo
80%
Capital of Guatemala Guatemala City
78%
Capital of Haiti Port-au-Prince
74%
Home to the two richest people in the world Seattle
63%
No matching quizzes found
Score Distribution
Percent of People with Each Score
Percentile by Number Answered
Your Score History
You have not taken this quiz